00610nam a22001697a 4500008004100000020001800041020001500059041000800074245012100082300002800203490010000231505002200331650001300353650001300366700003000379700003100409150605b xxu||||| |||| 00| 0 eng d a9783631620267 a36316202680 aeng00a"My Spirit at Rest in the North Country" (Zechariah 6.8) :cHermann Michael Niemann, Matthias Augustin (eds./Hrsg.). a288 f:bme il ;c22 cm. aBeiträge zur Erforschung des Alten Testaments und des antiken Judentums,vBd. 57x0722-0790 ; aIndex: f. 238-240 0aExegese. 0aShpjegim1 aNiemann, Hermann Michael.1 aAugustin, Matthias,d1950-